First Extra-Ordinary Meeting of the Council of Ministers (Record no. 3047)
[ view plain ]
| 000 -LEADER | |
|---|---|
| fixed length control field | 00355nam a22001217a 4500 |
| 008 - FIXED-LENGTH DATA ELEMENTS--GENERAL INFORMATION | |
| fixed length control field | 230629b xxu||||| |||| 00| 0 eng d |
| 020 ## - INTERNATIONAL STANDARD BOOK NUMBER | |
| International Standard Book Number | 9987666256 |
| 082 ## - DEWEY DECIMAL CLASSIFICATION NUMBER | |
| Classification number | 346.06 |
| Item number | EAC 2003 |
| 245 ## - TITLE STATEMENT | |
| Title | First Extra-Ordinary Meeting of the Council of Ministers |
| Remainder of title | Report of the Council |
| 260 ## - PUBLICATION, DISTRIBUTION, ETC. (IMPRINT) | |
| Place of publication, distribution, etc. | Arusha |
| Name of publisher, distributor, etc. | EAC Secretariat |
| Date of publication, distribution, etc. | 2003 |
| 300 ## - PHYSICAL DESCRIPTION | |
| Extent | II,14p |
| 942 ## - ADDED ENTRY ELEMENTS (KOHA) | |
| Source of classification or shelving scheme | Dewey Decimal Classification |
| Koha item type | Books |
| Withdrawn status | Lost status | Source of classification or shelving scheme | Damaged status | Not for loan | Home library | Current library | Date acquired | Total Checkouts | Full call number | Barcode | Date last seen | Price effective from | Koha item type |
|---|---|---|---|---|---|---|---|---|---|---|---|---|---|
| Dewey Decimal Classification | County Hall Archives | County Hall Archives | 06/29/2023 | 346.06 EAC 2003 | 10007967 | 06/29/2023 | 06/29/2023 | Books | |||||
| Dewey Decimal Classification | County Hall Archives | County Hall Archives | 06/29/2023 | 346.06 EAC 2003 | 10008137 | 06/29/2023 | 06/29/2023 | Books |
